McGraw-Hill encyclopedia of science and technology : an international reference work in fifteen volumes including an index (Record no. 69162)

MARC details
000 -LEADER
fixed length control field 01109cam a2200289 a 4500
003 - CONTROL NUMBER IDENTIFIER
control field URS
005 - DATE AND TIME OF LATEST TRANSACTION
control field 20230411093755.0
008 - FIXED-LENGTH DATA ELEMENTS--GENERAL INFORMATION
fixed length control field 760916s1977 nyua e 000 0 eng
020 ## - INTERNATIONAL STANDARD BOOK NUMBER
International Standard Book Number 0070795908
020 ## - INTERNATIONAL STANDARD BOOK NUMBER
International Standard Book Number 0070453365 (Readers' guide)
020 ## - INTERNATIONAL STANDARD BOOK NUMBER
International Standard Book Number 0070453373 (Study guide)
040 ## - CATALOGING SOURCE
Original cataloging agency DLC
041 ## - LANGUAGE CODE
Language code of text/sound track or separate title eng
050 00 - LIBRARY OF CONGRESS CALL NUMBER
Classification number Q 121
Item number .M3 1977
051 ## - LIBRARY OF CONGRESS COPY, ISSUE, OFFPRINT STATEMENT
Classification number Q121
Item number .M3 1977 Suppl. 1
051 ## - LIBRARY OF CONGRESS COPY, ISSUE, OFFPRINT STATEMENT
Classification number Q121
Item number .M3 1977 Suppl. 2
245 00 - TITLE STATEMENT
Title McGraw-Hill encyclopedia of science and technology : an international reference work in fifteen volumes including an index
250 ## - EDITION STATEMENT
Edition statement 4th edition
264 #1 - PRODUCTION, PUBLICATION, DISTRIBUTION, MANUFACTURE, AND COPYRIGHT NOTICE
Place of production, publication, distribution, manufacture New York
Name of producer, publisher, distributor, manufacturer McGraw-Hill
Date of production, publication, distribution, manufacture, or copyright notice ©1977
300 ## - PHYSICAL DESCRIPTION
Extent 15 volumes :
Other physical details illustrations ;
Dimensions 29 cm
500 ## - GENERAL NOTE
General note Accompanied by Readers' guide (33 p. ; 28 cm.) New York : McGraw-Hill, c1977. Call number: Q121.M3 1977 Suppl. 1.
500 ## - GENERAL NOTE
General note Accompanied by Study guide (50 p. ; 28 cm.) New York : McGraw-Hill, c1977. Call number: Q121.M3 1977 Suppl. 2.
650 #0 - SUBJECT ADDED ENTRY--TOPICAL TERM
Topical term or geographic name entry element Science
General subdivision Encyclopedias.
650 #0 - SUBJECT ADDED ENTRY--TOPICAL TERM
Topical term or geographic name entry element Technology
General subdivision Encyclopedias.
740 0# - ADDED ENTRY--UNCONTROLLED RELATED/ANALYTICAL TITLE
Uncontrolled related/analytical title Encyclopedia of science and technology.
942 ## - ADDED ENTRY ELEMENTS (KOHA)
Source of classification or shelving scheme Library of Congress Classification
Koha item type Reference
Holdings
Withdrawn status Source of classification or shelving scheme Damaged status Not for loan Collection code Home library Current library Date acquired Total Checkouts Full call number Barcode Date last seen Copy number Price effective from Koha item type
  Library of Congress Classification     Reference Morong College Library Morong College Library 03/02/2017   Q 121 .M3 1977 vol.1 URSMOR-CL-826 06/06/2017 1 02/27/2019 Reference
  Library of Congress Classification     Reference Morong College Library Morong College Library 03/02/2017   Q 121 .M3 1977 vol.2 URSMOR-CL-827 06/06/2017 2 02/27/2019 Reference
  Library of Congress Classification     Reference Morong College Library Morong College Library 03/02/2017   Q 121 .M3 1977 vol.3 URSMOR-CL-828 06/06/2017 3 02/27/2019 Reference
  Library of Congress Classification     Reference Morong College Library Morong College Library 03/02/2017   Q 121 .M3 1977 vol.4 URSMOR-CL-829 06/06/2017 4 02/27/2019 Reference
  Library of Congress Classification     Reference Morong College Library Morong College Library 03/02/2017   Q 121 .M3 1977 vol.5 URSMOR-CL-830 06/06/2017 5 02/27/2019 Reference
  Library of Congress Classification     Reference Morong College Library Morong College Library 03/02/2017   Q 121 .M3 1977 vol.6 URSMOR-CL-831 06/06/2017 6 02/27/2019 Reference
  Library of Congress Classification     Reference Morong College Library Morong College Library 03/02/2017   Q 121 .M3 1977 vol.7 URSMOR-CL-832 06/06/2017 7 02/27/2019 Reference
  Library of Congress Classification     Reference Morong College Library Morong College Library 03/02/2017   Q 121 .M3 1977 vol.8 URSMOR-CL-833 06/06/2017 8 02/27/2019 Reference
  Library of Congress Classification     Reference Morong College Library Morong College Library 03/02/2017   Q 121 .M3 1977 vol.9 URSMOR-CL-834 06/06/2017 9 02/27/2019 Reference
  Library of Congress Classification     Reference Morong College Library Morong College Library 03/02/2017   Q 121 .M3 1977 vol.10 URSMOR-CL-835 06/06/2017 10 02/27/2019 Reference
  Library of Congress Classification     Reference Morong College Library Morong College Library 03/02/2017   Q 121 .M3 1977 vol.11 URSMOR-CL-836 06/06/2017 11 02/27/2019 Reference
  Library of Congress Classification     Reference Morong College Library Morong College Library 03/02/2017   Q 121 .M3 1977 vol.12 URSMOR-CL-837 06/06/2017 12 02/27/2019 Reference
  Library of Congress Classification     Reference Morong College Library Morong College Library 03/02/2017   Q 121 .M3 1977 vol.13 URSMOR-CL-838 06/06/2017 13 02/27/2019 Reference
  Library of Congress Classification     Reference Morong College Library Morong College Library 03/02/2017   Q 121 .M3 1977 vol.14 URSMOR-CL-839 06/06/2017 14 02/27/2019 Reference
  Library of Congress Classification     Reference Morong College Library Morong College Library 03/02/2017   Q 121 .M3 1977 vol.15 URSMOR-CL-840 06/06/2017 15 02/27/2019 Reference

University of Rizal System
Email us at univlibservices@urs.edu.ph

Visit our Website www.urs.edu.ph/library